000
002840000a22001210004500
041
0
_a
Inglés
082
0
4
_a
CS 024
110
1
_a
Walt Disney
245
1
0
_a
Winnie the pooh y Lady and the tram
505
0
0
_a
Dos cuentos Winnie the pooh y Lady and the tramp
001
1155
942
_c
LGB
999
_c
48329
_d
48329